LEADER 01093nam0-22003131i-450- 001 990006541840403321 005 20001010 035 $a000654184 035 $aFED01000654184 035 $a(Aleph)000654184FED01 035 $a000654184 100 $a20001010d--------km-y0itay50------ba 101 0 $aita 105 $ay-------001yy 200 1 $aRappresentanza politica e distribuzione dei seggi negli stati membri della federazione americana$fStephen P. Koff,Guglielmo Negri 210 $aRoma$cs.e.$d1968. 215 $a15 p.$d22 cm 300 $a"Estratto dal 'Bollettino di Informazioni costituzionali e parlamentari n. 3 del 1967 (anno 18.), edito dalla Camera dei Deputati". 676 $a324.973 700 1$aKoff,$bStephen P.$0245909 702 1$aNegri,$bGuglielmo$f<1926- > 801 0$aIT$bUNINA$gRICA$2UNIMARC 901 $aBK 912 $a990006541840403321 952 $aBUSTA I C 30$b1308$fFSPBC 959 $aFSPBC 996 $aRappresentanza politica e distribuzione dei seggi negli stati membri della federazione americana$9619480 997 $aUNINA DB $aGEN01 LEADER 02278nam 2200565 a 450 001 9910463956303321 005 20200520144314.0 010 $a0-8389-9641-8 035 $a(CKB)2670000000410992 035 $a(EBL)1341887 035 $a(OCoLC)855969874 035 $a(SSID)ssj0000955486 035 $a(PQKBManifestationID)11603944 035 $a(PQKBTitleCode)TC0000955486 035 $a(PQKBWorkID)10953954 035 $a(PQKB)11728297 035 $a(OCoLC)868950078 035 $a(MiAaPQ)EBC1341887 035 $a(Au-PeEL)EBL1341887 035 $a(CaPaEBR)ebr10751719 035 $a(EXLCZ)992670000000410992 100 $a20130911d2013 uy 0 101 0 $aeng 135 $aur|n|---||||| 181 $ctxt 182 $cc 183 $acr 200 10$aWeb service APIs and libraries$b[electronic resource]$fJason Paul Michel 210 $aChicago, Ill. $cALA Editions$dc2013 215 $a1 online resource (154 p.) 300 $aIncludes index. 311 $a0-8389-1182-X 327 $aContents; Acknowledgments; Introduction; Chapter One: Twitter API and Libraries; Chapter Two: Flickr API and Libraries; Chapter Three: Vimeo API and Libraries; Chapter Four: Google Charts API and Libraries; Chapter Five: OCLC Web Services and Libraries; Chapter Six: HathiTrust API and Libraries; Chapter Seven: Open Library API and Libraries; Chapter Eight: LibraryThing API and Libraries; Chapter Nine: Goodreads API and Libraries; Chapter Ten: Google Books API and Libraries; Index 330 $aFocusing on widely adopted tools that all have immediate, useful applications, this practical book will help extend any library's reach. 606 $aWeb services$xLibrary applications 606 $aApplication program interfaces (Computer software) 606 $aLibrary Web sites$xDesign 608 $aElectronic books. 615 0$aWeb services$xLibrary applications. 615 0$aApplication program interfaces (Computer software) 615 0$aLibrary Web sites$xDesign. 676 $a025.042/2 700 $aMichel$b Jason Paul$0894411 801 0$bMiAaPQ 801 1$bMiAaPQ 801 2$bMiAaPQ 906 $aBOOK 912 $a9910463956303321 996 $aWeb service APIs and libraries$91998136 997 $aUNINA